South Korean cities - Sudden Death - Statistics

General Stats
  • This quiz has been taken 61 times
  • The average score is 8 of 10
Answers on the Grid
Answers color-coded by a green-red scale on the quiz's grid according to % correct below.
Seoul
Jeju
Dhaka
Kabul
Daegu
Incheon
Sejong
Okayama
Sendai
Harbin
Busan
Kaohsiung
Bari
Ulsan
Nanjing
Gwangju
Pohang
York
Cebu
Suwon
 
Answer Stats
Answer % Correct
Seoul
100%
Busan
94%
Incheon
86%
Jeju
86%
Sejong
86%
Daegu
84%
Suwon
82%
Ulsan
80%
Gwangju
74%
Pohang
66%
No matching quizzes found
Score Distribution
Percent of People with Each Score
Percentile by Number Answered
Your Score History
You have not taken this quiz